|
|
|
|
| LEADER |
00569nam a22001577a 4500 |
| 003 |
OSt |
| 005 |
20200624134624.0 |
| 008 |
160404b xxu||||| |||| 00| 0 eng d |
| 082 |
|
|
|a 946.02 MAD/M
|
| 100 |
|
|
|a Muhammed Madani, K. K.
|
| 245 |
|
|
|a Muslim bharanam Spainilum Siciliyilum/
|c K. K. Muhammed Madani
|
| 260 |
|
|
|a Trivandrum:
|b State Institute of Languages,
|c 1973
|
| 300 |
|
|
|a 227p.
|
| 942 |
|
|
|2 ddc
|c BK
|
| 999 |
|
|
|c 328036
|d 328036
|
| 952 |
|
|
|0 0
|1 0
|2 ddc
|4 0
|6 946_020000000000000_MAD_M
|7 0
|9 374615
|a CSC
|b CSC
|c ST1
|d 2016-04-04
|i 4199
|l 0
|o 946.02 MAD/M
|p CSC4199
|r 2016-04-04
|w 2016-04-04
|y BK
|